| 000 | 00470nam a2200133Ia 4500 | ||
|---|---|---|---|
| 008 | 180901s9999 xx 000 0 und d | ||
| 020 | _a9780071626743 | ||
| 100 | _aLaposata,Michael. | ||
| 245 |
_cMichael Laposata.-- _aLaboratory medicine : _bthe diagnosis of disease in the clinical laboratory / |
||
| 260 |
_aUSA : _bMcGraw Hill _c2010 |
||
| 300 |
_axxx, 437 pages : _billustrations. |
||
| 650 | _aDiagnosis, Laboratory. | ||
| 650 | _aLaboratory techniques and procedure. | ||
| 999 |
_c358480 _d358480 |
||